[Event "Floripa Chess Open 2024"]
[Site "Florianopolis"]
[Date "2024.01.20"]
[Round "1.175"]
[White "Menezes, Jose Eduardo Carnei"]
[Black "De Andrade, Alexandre Rodrigues"]
[Result "1-0"]
[WhiteElo "1813"]
[BlackElo "1800"]
[PlyCount "85"]
[EventDate "2024.01.20"]
[EventRounds "10"]
[EventCountry "BRA"]

1. e4 e5 2. Nf3 Nc6 3. Bb5 d6 4. O-O Nf6 5. d3 Bg4 6. c3 a6 7. Ba4 b5 8. Bc2
Be7 9. Re1 O-O 10. h3 Bh5 11. Nbd2 Qd7 12. Nf1 h6 $146 ({RR} 12... Rfe8 13. Ne3
Nd8 14. Nf5 Ne6 15. g4 Bg6 16. N3h4 d5 17. exd5 Nxd5 18. Nxg6 hxg6 19. Nxe7+
Rxe7 20. Rxe5 b4 21. Qf3 Rd8 22. Bb3 Nf6 23. cxb4 Nd4 24. Qb7 Rxe5 25. Bc4 Nxg4
26. Bd2 Nxf2 27. Rf1 {Cleran,F (2045)-Cavelius,P (2029) France 2005 0-1 (36)})
13. Ng3 Bg6 14. Nh4 Nh7 15. Nf3 h5 16. a4 h4 17. Nf1 b4 18. d4 Bh5 19. d5 Nd8
20. cxb4 Bg5 21. Qd3 Be7 22. Bd2 Nb7 23. a5 Bg6 24. Ba4 Qc8 25. Ne3 f5 26. exf5
Bxf5 27. Nxf5 Rxf5 28. Bc2 g6 29. Qc4 Rxf3 30. gxf3 Qxh3 31. Qg4 Qxg4+ 32. fxg4
g5 33. Rac1 Nf6 34. Bf5 Nxd5 35. Be6+ Kg7 36. Bxd5 Rb8 37. Rxc7 Nd8 38. Rxe7+
Kf6 39. Ra7 Ne6 40. Bxe6 Kxe6 41. Rxa6 Rf8 42. Kg2 Rc8 43. Rc1 1-0

[Event "Floripa Chess Open 2024"]
[Site "Florianopolis"]
[Date "2024.01.20"]
[Round "1.176"]
[White "De Andrade, Arthur Batuli"]
[Black "Cezar, Ricardo De Almeida"]
[Result "0-1"]
[WhiteElo "1800"]
[BlackElo "1809"]
[PlyCount "20"]
[EventDate "2024.01.20"]
[EventRounds "10"]
[EventCountry "BRA"]

1. e4 c6 2. Nc3 d5 3. exd5 cxd5 4. Bb5+ Nc6 5. d4 Nf6 6. h3 ({RR} 6. Bg5 Bf5 7.
Nge2 e6 8. Ng3 Bg6 9. O-O h6 10. Bh4 Be7 11. f4 O-O 12. f5 Bh7 13. Bxc6 bxc6
14. Bxf6 Bxf6 15. Qg4 Re8 16. Nce2 exf5 17. Nxf5 Re4 18. Nf4 Bxf5 19. Qxf5
Bxd4+ 20. Kh1 Qc8 {Martin Gonzalez,A (2440)-Lobato Gomez,J Asturias 1998 0-1  
(42)}) 6... e6 ({RR} 6... Bf5 7. Nf3 e6 8. Ne5 Rc8 9. Nxc6 bxc6 10. Be2 Bd6 11.
Bg5 O-O 12. O-O h6 13. Bh4 Be7 14. Re1 Qb6 15. b3 Rfe8 16. Na4 Qd8 17. Kh1 g5
18. Bg3 Ne4 19. Kg1 Nxg3 20. fxg3 c5 21. dxc5 {Kiwanuka Ssubi (1324)-Kuka Kyle
(1274) Eindhoven NED 2023 1/2-1/2 (45)}) 7. a3 Bd6 $146 ({RR} 7... Qb6 8. Nf3
Be7 9. Qd3 O-O 10. Bxc6 bxc6 11. Ne2 Ba6 12. Qe3 c5 13. c3 cxd4 14. Nfxd4 Bc5
15. b4 Bxd4 16. cxd4 Rac8 17. Ra2 Ne4 18. f3 Bxe2 19. fxe4 Bc4 20. Rc2 dxe4 21.
Bb2 Bd3 22. Rc5 {Galic,S (2009)-Mandekic,I (2297) Croatia 2011 0-1 (66)}) 8.
Bxc6+ bxc6 9. Nf3 Nd7 10. O-O Bc7 0-1

[Event "Floripa Chess Open 2024"]
[Site "Florianopolis"]
[Date "2024.01.20"]
[Round "1.178"]
[White "De Oliveira, Lucas Silva"]
[Black "Samaniego, Diego Pinheiro"]
[Result "0-1"]
[WhiteElo "1800"]
[BlackElo "1806"]
[PlyCount "90"]
[EventDate "2024.01.20"]
[EventRounds "10"]
[EventCountry "BRA"]

1. d4 Nf6 2. c4 g6 3. Nf3 Bg7 4. g3 O-O 5. Bg2 c5 6. d5 d6 7. Nc3 Bf5 8. O-O ({
RR} 8. Nh4 Bd7 9. O-O Na6 10. e4 e5 11. dxe6 Bxe6 12. b3 Nc7 13. Bb2 Rb8 14.
Qd2 b5 15. cxb5 Nxb5 16. Nxb5 Rxb5 17. Rfd1 Qc8 18. Qe2 Rb6 19. Rac1 Re8 20.
Qd2 Qa6 21. Bc3 Nd7 {1/2-1/2 (21) Ippolito,D (2435)-Gormally,D (2415) Mermaid
Beach 1998}) 8... Qd7 ({RR} 8... Ne4 9. Nxe4 Bxe4 10. Nd2 Bxg2 11. Kxg2 Nd7 12.
e4 a6 13. Qe2 Rb8 14. f4 b5 15. Nb3 bxc4 16. Qxc4 Rb4 17. Qe2 Qb6 18. Bd2 Rb5
19. Bc3 Rb8 20. Rac1 a5 21. Nd2 Bxc3 22. bxc3 Rb2 23. Rf2 {Kiselev,P (2139)
-Budrewicz,K (2184) chess.com INT 2023 0-1 (44)}) 9. Qb3 $146 ({RR} 9. Re1 Ne4
10. Nxe4 Bxe4 11. Ng5 Bxg2 12. Kxg2 Na6 13. f4 b5 14. cxb5 Qxb5 15. a3 Rab8 16.
e4 Nc7 17. Rb1 c4 18. Qc2 h6 19. Nf3 Qb3 20. Qxb3 Rxb3 21. Nd2 Rb5 22. Nxc4 Rc5
23. Ne3 Rb8 {Grunow,W (1689)-Langer,W (1904) Berlin 2006 0-1 (40)}) ({RR} 9.
Re1 Bh3 10. Bh1 Bf5 11. e4 Bg4 12. Qb3 e5 13. dxe6 fxe6 14. e5 Bxf3 15. Bxf3
Nc6 16. Bxc6 Qxc6 17. exf6 Rxf6 18. Ne4 Rf5 19. Bf4 {1-0 (19) Pujari,R (2187)
-Al Ghafri,W (1609) Sharjah UAE 2020}) 9... Na6 10. Re1 Ne4 11. Nxe4 Bxe4 12.
Ne5 Bxe5 13. Bxe4 Bg7 14. Bf4 Rab8 15. Rad1 b5 16. a3 bxc4 17. Qxc4 Qb5 18.
Qxb5 Rxb5 19. Bd3 Rb6 20. b3 Nc7 21. Bc4 Nb5 22. Bxb5 Rxb5 23. Rb1 Rfb8 24. b4
a5 25. Rec1 axb4 26. axb4 Rxb4 27. Rxb4 Rxb4 28. Kg2 h6 29. Kf3 g5 30. Bd2 Rd4
31. Bc3 Rxd5 32. Ke4 e6 33. e3 Bxc3 34. Rxc3 Rd2 35. Kf3 Kg7 36. h3 Kg6 37. Rc4
h5 38. Kg2 Rb2 39. Rc3 Rb5 40. Kf3 d5 41. Kg2 c4 42. Rc2 e5 43. Kf1 g4 44. h4
Kf5 45. Ke2 Ke4 0-1

[Event "Floripa Chess Open 2024"]
[Site "Florianopolis"]
[Date "2024.01.20"]
[Round "1.179"]
[White "Kaneda, Eric Kazuichi"]
[Black "De Oliveira, Ricardo W Lima"]
[Result "1-0"]
[WhiteElo "1803"]
[BlackElo "1800"]
[PlyCount "83"]
[EventDate "2024.01.20"]
[EventRounds "10"]
[EventCountry "BRA"]

1. d4 d5 2. c4 c6 3. Nc3 Nf6 4. e3 Bf5 5. Qb3 b6 6. cxd5 ({RR} 6. Nf3 e6 7. Nh4
Ne4 8. Nxf5 exf5 9. cxd5 Nxc3 10. bxc3 Qxd5 11. Qxd5 cxd5 12. Bb5+ Kd8 13. Bb2
a6 14. Ba4 Ra7 15. O-O Nd7 16. Bc2 g6 17. f3 Bh6 18. e4 Be3+ 19. Kh1 Nf6 20.
exf5 g5 {Uljarevic,P-Lacmanovic,R Podgorica MNE 2018 1-0 (47)}) 6... Nxd5 ({RR
} 6... cxd5 7. Bb5+ Nbd7 8. Nxd5 Rc8 9. Nc3 e6 10. f3 Be7 11. e4 Bg6 12. Nge2
O-O 13. e5 Ne8 14. Nf4 Bf5 15. Be3 Nb8 16. O-O a6 17. Be2 b5 18. g4 Bg5 19.
Rfd1 b4 20. gxf5 bxc3 21. bxc3 {Lengyel,F (2315)-Donka,P (2270) Debrecen 1995
1-0 (52)}) 7. Bc4 e6 8. e4 $146 ({RR} 8. Nf3 Nxc3 9. bxc3 Bd6 10. O-O Qf6 11.
Re1 Be4 12. Be2 g5 13. c4 Bc7 14. Bb2 Qh6 15. Red1 Bxf3 16. Bxf3 Qxh2+ 17. Kf1
O-O 18. d5 g4 19. Qc3 Qh1+ 20. Ke2 gxf3+ {1-0 (20) Eikemper,F-Wollnik,P
Gladbeck 1999}) 8... Nxc3 9. exf5 Nd5 10. fxe6 fxe6 11. Bd2 Bd6 12. Qh3 Qf6 13.
Nf3 O-O 14. O-O Qf5 15. Qh4 Nd7 16. Rac1 N7f6 17. Rfe1 Rae8 18. Bb3 c5 19. Bg5
Nb4 20. dxc5 Bxc5 21. Re5 Qd3 22. Rxe6 Rxe6 23. Bxe6+ Kh8 24. Bxf6 Rxf6 25. Bc4
Qg6 26. Qg3 Qh6 27. Re1 Rf8 28. a3 Nc2 29. Rd1 Re8 30. h4 Qf6 31. b4 Nxa3 32.
bxc5 Nxc4 33. cxb6 Nxb6 34. Qc7 Nc8 35. Rd7 Qa1+ 36. Kh2 Qf6 37. Rf7 Qa1 38.
Qd7 Rg8 39. g3 h6 40. Ng5 hxg5 41. hxg5 Qb1 42. Rf4 1-0

[Event "Floripa Chess Open 2024"]
[Site "Florianopolis"]
[Date "2024.01.20"]
[Round "1.180"]
[White "De Oliveira, Rosa Emilia Trizott"]
[Black "Godinho, Bruno Cesar Ferreir"]
[Result "0-1"]
[WhiteElo "1800"]
[BlackElo "1802"]
[PlyCount "32"]
[EventDate "2024.01.20"]
[EventRounds "10"]
[EventCountry "BRA"]

1. e4 c5 2. Nf3 e6 3. Nc3 a6 4. Be2 Nc6 5. O-O d6 ({RR} 5... Nd4 6. a4 b6 7. d3
g6 8. Nxd4 cxd4 9. Nb1 Bg7 10. Nd2 Ne7 11. f4 d6 12. Bf3 Rb8 13. b3 O-O 14. Ba3
b5 15. axb5 axb5 16. g4 f5 17. exf5 gxf5 18. g5 Ng6 19. Bh1 e5 20. Bd5+ {
Durarbayli,V (2635)-Tazbir,M (2503) chess.com INT 2023 1-0 (36)}) 6. a4 $146 ({
RR} 6. d3 Nf6 7. Bg5 Be7 8. Bh4 O-O 9. Bg3 Nh5 10. Re1 Nxg3 11. hxg3 Bf6 12.
Qd2 b5 13. Rab1 Bb7 14. a3 d5 15. Bf1 Qd6 16. Qd1 Rad8 17. Na2 dxe4 18. Rxe4
Nd4 19. Re1 Nxf3+ 20. gxf3 Qd5 {Gora,S (1115)-Walter,S (2022) Szczyrk 2014 0-1
(36)}) ({RR} 6. d3 Nf6 7. Bg5 Be7 8. h3 O-O 9. Qd2 Qc7 10. Qf4 Rd8 11. Qg3 b5
12. Bh6 Bf8 13. Nh2 Nd4 14. Kh1 b4 15. Bd1 bxc3 16. bxc3 Nb5 17. c4 Na7 18. Ng4
Nxg4 19. Qxg4 d5 20. Bd2 dxc4 {Freites,R-Kiss,E Szeged 1994 0-1 (47)}) 6... Nf6
7. b3 Be7 8. Ba3 O-O 9. Qe1 Nd4 10. Nxd4 cxd4 11. Rd1 dxc3 12. dxc3 d5 13. exd5
Bxa3 14. Ra1 Qd6 15. Qd2 Ng4 16. Rae1 Qxh2# 0-1

[Event "Floripa Chess Open 2024"]
[Site "Florianopolis"]
[Date "2024.01.20"]
[Round "1.182"]
[White "El Zwei, Aiman Mohamed"]
[Black "Zabala, Antonio Murara"]
[Result "1-0"]
[WhiteElo "1800"]
[BlackElo "1797"]
[PlyCount "109"]
[EventDate "2024.01.20"]
[EventRounds "10"]
[EventCountry "BRA"]

1. e4 c5 2. Nf3 d6 3. Bb5+ Nd7 4. d4 cxd4 5. Qxd4 Ngf6 6. c4 e6 7. O-O Be7 8.
Nc3 O-O 9. Bxd7 Bxd7 10. Bg5 Bc6 11. Rfd1 Qa5 12. b3 Rfd8 13. Rac1 Rac8 14. h3
a6 15. a4 h6 16. Bh4 g5 $146 ({RR} 16... Qh5 17. Qe3 Qa5 18. Bg3 Bf8 19. Nd4
Nd7 20. Bh4 Re8 21. Bg3 Ne5 22. f4 Ng6 23. Qf3 e5 24. Nxc6 bxc6 25. f5 Ne7 26.
f6 Ng6 27. fxg7 Bxg7 28. Kh1 Red8 29. Rf1 Rd7 30. Qg4 Rcd8 31. h4 {Oganian,M  
(2437)-Xu,Y (2507) chess.com INT 2022 0-1 (47)}) 17. Bg3 Nh5 18. Ne2 Bf6 19.
Qe3 Qc5 20. Nfd4 Nxg3 21. Nxg3 Bd7 22. Qd2 Rc7 23. Nge2 Rdc8 24. Qe3 Qa7 25.
Nc2 Qxe3 26. Nxe3 Be7 27. a5 Be8 28. Nd4 Kf8 29. Ra1 Bf6 30. Ra2 Ke7 31. g3 Bh8
32. Kg2 f6 33. f3 Bg6 34. g4 Bg7 35. Rad2 h5 36. Ne2 Rd7 37. b4 Bf8 38. b5 Rc5
39. Nd4 Kf7 40. Nb3 Rcc7 41. b6 Rc6 42. c5 Be7 43. Nc2 d5 44. Nb4 Rxc5 45. Nxc5
Bxc5 46. exd5 exd5 47. Rxd5 Rxd5 48. Nxd5 hxg4 49. hxg4 Ke6 50. Nc7+ Ke7 51.
Re1+ Kd7 52. Nd5 f5 53. Rd1 Kc6 54. Nc7 fxg4 55. fxg4 1-0

[Event "Floripa Chess Open 2024"]
[Site "Florianopolis"]
[Date "2024.01.20"]
[Round "1.183"]
[White "Correia, Pedro Bavaresco"]
[Black "Esteves Neto, Antonio Francisco"]
[Result "1-0"]
[WhiteElo "1796"]
[BlackElo "1800"]
[PlyCount "131"]
[EventDate "2024.01.20"]
[EventRounds "10"]
[EventCountry "BRA"]

1. d4 Nf6 2. c4 g6 3. Nc3 Bg7 4. e4 d6 5. f3 O-O 6. Be3 c6 7. Bd3 Nbd7 8. Nge2
e5 9. Qd2 exd4 10. Nxd4 Ne5 11. Rd1 Be6 12. Nxe6 fxe6 13. Be2 Nf7 14. O-O Qc7
$146 ({RR} 14... Qa5 15. f4 Rad8 16. Kh1 Qc7 17. g4 d5 18. cxd5 cxd5 19. e5 Nd7
20. Nb5 Qb8 21. Bxa7 Qa8 22. Qd4 Nfxe5 23. fxe5 Bxe5 24. Qe3 b6 25. Bf3 Qc6 26.
Nd4 Bxd4 27. Rxd4 Ra8 28. Qa3 Qb7 29. Qd6 {Hadziahmetovic,H-Zdilar,E (1736)
Sarajevo 2014 1-0 (52)}) 15. Kh1 Rac8 16. f4 d5 17. cxd5 exd5 18. e5 Ne8 19.
Bc5 b6 20. Bxf8 Bxf8 21. Bg4 Ng7 22. Rde1 Nh6 23. Bd1 a5 24. a3 b5 25. Qc1 Ne6
26. Bb3 Nc5 27. Bc2 d4 28. Ne4 d3 29. Bb1 Nf5 30. Qd2 Nb3 31. Ba2 Qf7 32. Qc3
a4 33. Nd2 c5 34. Nxb3 axb3 35. Bxb3 c4 36. Bd1 Qd5 37. Bf3 Qd4 38. Qd2 Bxa3
39. bxa3 c3 40. Qa2+ Qc4 41. Qxc4+ bxc4 42. e6 d2 43. e7 Nxe7 44. Rxe7 c2 45.
Ree1 dxe1=Q 46. Rxe1 Rb8 47. Be4 Re8 48. Bd5+ Kg7 49. Rc1 Re3 50. Kg1 Rxa3 51.
Rxc2 c3 52. Kf2 Kf6 53. Ke2 Kf5 54. Kd3 Kxf4 55. Rxc3 Ra1 56. Rc4+ Kf5 57. Be4+
Ke5 58. Bf3 g5 59. Rc6 Rg1 60. Ke3 g4 61. Kf2 Rh1 62. Bxg4 Rxh2 63. Kg3 Rh1 64.
Bh3 Rb1 65. Rc7 Rb3+ 66. Kh4 1-0

[Event "Floripa Chess Open 2024"]
[Site "Florianopolis"]
[Date "2024.01.20"]
[Round "1.184"]
[White "Ferrari, Theo Schoroeder San"]
[Black "Silva, Ezequiel Demetras"]
[Result "0-1"]
[WhiteElo "1800"]
[BlackElo "1793"]
[PlyCount "48"]
[EventDate "2024.01.20"]
[EventRounds "10"]
[EventCountry "BRA"]

1. c4 e6 2. g3 d5 3. d3 ({RR} 3. d4 Bb4+ 4. Bd2 a5 5. Qc2 dxc4 6. Qxc4 Qd5 7.
Qxd5 exd5 8. a3 Be7 9. Nc3 c6 10. Rc1 Nf6 11. Nf3 Nbd7 12. a4 Nb6 13. b3 Bf5
14. Nh4 Be6 15. f3 O-O 16. e3 Ne8 17. Ng2 Nc7 {Collins,S (2436)-Gareyev,T  
(2605) Berkeley 2011 1/2-1/2 (55)}) 3... Nf6 ({RR} 3... dxc4 4. dxc4 Qxd1+ 5.
Kxd1 Bc5 6. e3 Bd7 7. Bg2 Bc6 8. Bxc6+ Nxc6 9. Nf3 Nf6 10. Ke2 O-O-O 11. a3 a5
12. Bd2 Ne4 13. Rc1 Be7 14. Bc3 f6 15. Nbd2 Nxc3+ 16. Rxc3 b6 17. h4 e5 18. g4
{Elashvili,G (1912)-Yasin,H (1791) Bagcilar TUR 2023 1-0 (64)}) 4. Bg2 dxc4
$146 ({RR} 4... c5 5. e3 Nc6 6. Ne2 dxc4 7. Bxc6+ bxc6 8. dxc4 Qc7 9. Nd2 e5
10. Nc3 Bh3 11. f3 Rd8 12. Qe2 Be7 13. Nde4 O-O 14. Nxf6+ Bxf6 15. Ne4 Be7 16.
Bd2 Be6 17. Bc3 f5 18. Nf2 g6 19. O-O {Pfeifer,P (2125)-Finster,M (2120)
Bayern 1998 1-0 (47)}) ({RR} 4... c5 5. Nf3 dxc4 6. dxc4 Qxd1+ 7. Kxd1 Nc6 8.
Nc3 Be7 9. h3 O-O 10. Be3 Rd8+ 11. Kc1 Bd7 12. Rd1 Rac8 13. Ne1 Na5 14. b3 Bc6
15. Kc2 Bxg2 16. Nxg2 Nc6 17. Rxd8+ Rxd8 18. Rd1 Nd4+ 19. Kc1 {Sanchez Ramirez,
G (1728)-Sosa Suarez,C (1865) Gran Canaria 2017 0-1 (55)}) 5. dxc4 Qxd1+ 6.
Kxd1 Bc5 7. e3 O-O 8. Nc3 Rd8+ 9. Bd2 Nc6 10. a3 Ne5 11. b3 Bd7 12. Nf3 Bc6 13.
Nxe5 Bxg2 14. Rg1 Bh3 15. Ke2 Bf5 16. Ra2 Bd6 17. f4 Bxe5 18. fxe5 Ng4 19. h3
Nxe5 20. g4 Bg6 21. Nb5 c6 22. Nc7 Rac8 23. Bc3 Nd3 24. Ba5 b6 0-1

[Event "Floripa Chess Open 2024"]
[Site "Florianopolis"]
[Date "2024.01.20"]
[Round "1.185"]
[White "Silva, Gabryel Lunardi Car"]
[Black "Friedrich, Augusto Johannpeter"]
[Result "1-0"]
[WhiteElo "1790"]
[BlackElo "1800"]
[PlyCount "78"]
[EventDate "2024.01.20"]
[EventRounds "10"]
[EventCountry "BRA"]

1. e4 e5 2. Nf3 Nc6 3. Bb5 a6 4. Ba4 Nf6 5. O-O Be7 6. Re1 d6 7. c3 O-O 8. d3
b5 9. Bb3 Na5 10. Bc2 Bg4 11. b4 Nc6 12. a4 h6 $146 ({RR} 12... Qd7 13. Nbd2 h6
14. Nf1 Nh7 15. Ne3 Bh5 16. Nf5 Bg5 17. Bb2 Bf4 18. Kh1 Ng5 19. N5h4 Ne7 20.
Qe2 Ng6 21. Nf5 Nxf3 22. gxf3 Nh4 23. Qf1 Bxf3+ 24. Kg1 Bg2 25. Qe2 Bf3 26. Qf1
Qd8 27. Ng3 {Rotz,R-Steiner,K Schwabstedt 1994 0-1 (40)}) 13. h3 Bxf3 14. Qxf3
Nd7 15. Be3 Bg5 16. Na3 Bxe3 17. fxe3 Qf6 18. Qxf6 Nxf6 19. axb5 Ne7 20. Bb3
Ra7 21. bxa6 Rxa6 22. c4 Rfa8 23. Nc2 Nd7 24. Rxa6 Rxa6 25. Ra1 Rxa1+ 26. Nxa1
g5 27. Nc2 Kg7 28. Na3 f5 29. exf5 Nxf5 30. Kf2 c6 31. Ba4 Ne7 32. d4 Nb6 33.
Bb3 exd4 34. exd4 Nf5 35. c5 dxc5 36. dxc5 Na8 37. b5 Nd4 38. b6 Ne6 39. Bxe6
Nc7 1-0

[Event "Floripa Chess Open 2024"]
[Site "Florianopolis"]
[Date "2024.01.20"]
[Round "1.186"]
[White "Goncalves, Richard Gabriel Sim"]
[Black "Nakata, Thifanni Harumi"]
[Result "0-1"]
[WhiteElo "1800"]
[BlackElo "1785"]
[PlyCount "99"]
[EventDate "2024.01.20"]
[EventRounds "10"]
[EventCountry "BRA"]

1. d4 {Finkel,A} Nf6 2. Nf3 e6 3. e3 d5 ({RR} 3... b6 4. Bd3 Bb7 5. O-O d5 6.
b3 Bd6 7. Ne5 O-O 8. Bb2 Qe7 ({RR} 8... Nbd7 9. Qe2 c5 10. Nd2 Qe7 11. Rad1
Rac8 12. f4 g6 13. g4 Rfd8 14. g5 Ne8 15. Rf2 cxd4 16. exd4 Bxe5 17. fxe5 Qxg5+
18. Rg2 Qe7 19. Nf3) ({RR} 8... c5 9. Nd2 Ne4 10. Bxe4 dxe4 11. Nec4 cxd4 12.
Nxd6 Qxd6 13. Bxd4 e5 14. Nc4 Qe6 15. Nxe5 f6 16. Nc4 Ba6) 9. a3 Rc8 10. Nd2 c5
11. c4 Nbd7 12. f4 Rc7 13. a4 Nf8 14. a5 Rd8 15. Qe2 Ne4) 4. Bd3 Bd6 5. O-O O-O
6. Nbd2 c5 7. b3 Nc6 8. Bb2 b6 9. a3 Bb7 10. Ne5 Qe7 ({RR} 10... Ne7 11. f4 ({
RR} 11. Qf3 Ng6 12. Qh3 cxd4 13. Nxg6 hxg6 14. exd4 Nh5 15. g3 a5 16. a4 Ba6
17. Bxa6 Rxa6 18. Rfe1 Ra7 19. Qf1 Rc7 20. c3) ({RR} 11. Qe2 Qc7 ({RR} 11...
Ng6 12. Nxg6 hxg6 13. f4 Rc8 14. Nf3 cxd4 15. Bxd4 Qe7 16. a4 Bb4 17. Ng5) ({RR
} 11... Rc8 12. Rac1 Ng6 13. c4 cxd4 14. Nxg6 hxg6 15. exd4 Qe7 16. b4 dxc4 17.
Nxc4 Bf4 18. Rc2 Qd7 19. Re1 Qd5 20. Ne3 Qg5) 12. c4 ({RR} 12. f4 Ne4 13. Bxe4
dxe4 14. Ndc4 Nf5 15. Nxd6 Qxd6 16. g4 Nh4 17. Qf2 Nf3+ 18. Nxf3 exf3) 12...
cxd4 13. exd4 Ng6 14. f4 Rad8 15. Qe3 Ba8 16. Rac1 dxc4 17. bxc4 Qe7) 11... Ne4
({RR} 11... cxd4 12. exd4 Ne4 13. Qe2 f5 14. Ndf3 Nc6 15. Nxc6 Bxc6 16. Ne5 Rc8
17. a4 Rf6) ({RR} 11... Rc8 {RR} 12. Qf3 b5 ({RR} 12... Qc7 13. dxc5 bxc5 14.
Ng4 Ne8 15. Qh3 f5 16. Nf3 d4) 13. dxc5 Bxc5 14. Rae1 Nf5 15. Qh3 Ne4 16. Nxe4
dxe4) 12. Qe2 ({RR} 12. c3 f6 13. Ng4 Qc7 14. Rc1 Nxd2 15. Qxd2 c4 16. bxc4
dxc4 17. Bb1 Nd5 18. Rce1 f5) 12... f6 ({RR} 12... Nf5 13. Rad1 Rc8 14. g4 Ne7
({RR} 14... Nxd2 15. Rxd2 Ne7 16. dxc5 bxc5 17. g5) 15. Bxe4 dxe4 16. dxc5 Rxc5
17. Nec4) 13. Nef3 Rc8 14. c4 Nxd2 ({RR} 14... Qe8) 15. Nxd2 Re8 16. Rad1 Qc7 (
{RR} 16... cxd4 17. exd4 Nf5) 17. dxc5 bxc5 ({RR} 17... Bxc5 18. b4 Bd6 19. Qh5
f5 20. Rf3 Ng6 21. Rh3 Nf8 22. cxd5 Bxd5 23. Nf3) 18. Bb1 Ng6 19. Qh5 d4 ({RR} 
19... Nf8 20. Rf3 g6 21. Qh4) 20. exd4 Bxf4 21. d5 exd5 22. cxd5 Be5 23. Nc4
Bxb2 24. Nxb2 Re5 25. Rf5 {Bruzon Batista,L (2669)-Timman,J (2607) Curacao
2005 CBM 108 [Finkel,A] 0-1 (33) RR} Rxf5 26. Bxf5 Rd8 27. Nc4 Nf8 28. d6 Qf7)
({RR} 10... a6 11. Qf3 b5 12. Nxc6 Bxc6 13. dxc5 Bxc5 14. e4 Be7 15. Rfe1 Qc7)
({RR} 10... Rc8 11. f4 Ne7 12. Qe2 Ne4 13. Nxe4 dxe4 14. Bc4 Nf5 15. Rad1 Qe7
16. dxc5 Bxe5 17. Bxe5 Qxc5 18. Rfe1 Rfd8 19. b4 Qe7 20. Bb3 h6 21. g3 Bd5 22.
c4 Bb7 23. Kf2 a5 24. Bc3 axb4 25. axb4 {Coman,M (2121)-Filip,A (2216)
Bucharest ROU 2022 1-0 (59)}) 11. f4 a6 $146 ({RR} 11... Nd7 12. Nxd7 Qxd7 13.
Qh5 f5 14. Nf3 cxd4 15. Nxd4 Qe8 16. Qg5 Be7 17. Qg3 Rf6 18. Nxc6 Qxc6 19. Bxf6
Bxf6 20. Rad1 Rd8 21. a4 d4 22. exd4 Rxd4 23. Rd2 Qc5 24. Kh1 Qb4 25. Re2 e5
26. Bxf5 {Oliver,B-Gogia,A (1272) Doncaster 2017 1-0}) 12. c4 Rfd8 13. Qe2 a5
14. g4 Bxe5 15. dxe5 Nd7 16. cxd5 exd5 17. g5 Nf8 18. h4 a4 19. f5 g6 20. e6
fxe6 21. Bf6 Qd6 22. fxg6 Qg3+ 23. Kh1 Qh3+ 24. Qh2 Qxh2+ 25. Kxh2 axb3 26.
gxh7+ Nxh7 27. Bxh7+ Kxh7 28. Bxd8 Nxd8 29. Nxb3 Kg7 30. Kg3 Ba6 31. Rf2 Bd3
32. Kf4 Ra4+ 33. Kg3 Re4 34. a4 Rxe3+ 35. Rf3 Rxf3+ 36. Kxf3 c4 37. Nd4 e5 38.
Nb5 Nc6 39. Nd6 Nd4+ 40. Kg3 c3 41. Kf2 Nb3 42. Rg1 c2 43. Ke3 Bg6 44. h5 Bxh5
45. Nf5+ Kf8 46. Rc1 Nxc1 47. Kd2 Nb3+ 48. Kxc2 Bg6 49. Kxb3 Bxf5 50. Kb4 0-1

[Event "Floripa Chess Open 2024"]
[Site "Florianopolis"]
[Date "2024.01.20"]
[Round "1.187"]
[White "Pavao, Fabio Biasi"]
[Black "Mamede, Miguel Rodrigues"]
[Result "1-0"]
[WhiteElo "1783"]
[BlackElo "1800"]
[PlyCount "39"]
[EventDate "2024.01.20"]
[EventRounds "10"]
[EventCountry "BRA"]

1. c4 e5 2. g3 Bc5 3. Bg2 Nf6 4. Nc3 O-O 5. e3 Nc6 6. Nge2 b6 7. a3 Bb7 8. b4
Be7 9. O-O Rb8 10. Bb2 $146 ({RR} 10. d4 Qc8 11. d5 Nd8 12. Nb5 a6 13. Na7 Ng4
14. Nxc8 {1-0 (14) Mulevicius,A (1845)-Budahs,L Kaunas 2015}) ({RR} 10. d4 exd4
11. exd4 Qc8 12. Bb2 Re8 13. d5 Nd8 14. Ne4 Nxe4 15. Bxe4 Bd6 16. Bg2 Be5 17.
Bxe5 Rxe5 18. Re1 c6 19. Nf4 Rxe1+ 20. Qxe1 Kf8 21. Qe5 cxd5 22. cxd5 f6 23.
Qd6+ Kg8 24. Qe7 Nf7 {Murillo Ocampo,N (1563)-Jamioy Mestre,S Bogota 2016 1-0 
(32)}) 10... a5 11. b5 Na7 12. d4 Bxg2 13. Kxg2 exd4 14. Nxd4 d5 15. cxd5 Nxd5
16. Qf3 Nxc3 17. Bxc3 Bc5 18. Nf5 Nxb5 19. Qg4 g6 20. Nh6# 1-0

[Event "Floripa Chess Open 2024"]
[Site "Florianopolis"]
[Date "2024.01.20"]
[Round "1.189"]
[White "Ribeiro Jr, Valdir Uchoa"]
[Black "Montini, Thiago De Lima Mill"]
[Result "1/2-1/2"]
[WhiteElo "1780"]
[BlackElo "1800"]
[PlyCount "52"]
[EventDate "2024.01.20"]
[EventRounds "10"]
[EventCountry "BRA"]

1. b3 e5 2. Bb2 Nc6 3. e3 d5 4. Bb5 Bd6 5. f4 Qh4+ 6. g3 Qe7 7. Nf3 Bg4 8. fxe5
Bxe5 9. Bxe5 Bxf3 10. Qxf3 Qxe5 11. Bxc6+ bxc6 12. Nc3 Ne7 13. O-O O-O 14. Qf4
Ng6 15. Qxe5 Nxe5 16. Rf4 Rfd8 $146 ({RR} 16... f5 17. Raf1 g6 18. Na4 Nd7 19.
c4 Nb6 20. cxd5 Nxd5 21. Rc4 Rf6 22. Rfc1 Ne7 23. Nc5 Rd6 24. d4 a5 25. Kf2 Rf6
26. Nd7 Rd6 27. Ne5 Ra6 28. h4 Kg7 29. Kf3 Kf6 30. g4 fxg4+ 31. Nxg4+ {
Koshelev,V (1934)-Polyansky,V (1969) Voronezh 2013 1/2-1/2 (37)}) ({RR} 16...
Rfe8 17. Raf1 f6 18. Ra4 a6 19. Rff4 c5 20. Kg2 Nc6 21. Ne2 a5 22. c3 Ne5 23.
Rf1 Kf7 24. Nf4 c6 25. h3 c4 26. Rb1 Reb8 27. Ne2 Rb5 28. Nd4 Rb6 29. Nc2 c5
30. Na3 Nd3 31. e4 {Kochetov,D (1995)-Kosov,I (1743) Moscow 2009 0-1 (53)}) 17.
Raf1 f6 18. Na4 Nd7 19. d4 Rab8 20. Rd1 Re8 21. Rd3 Rb5 22. Rf1 a6 23. Nc3 Rbb8
24. Na4 Rb4 25. Nc3 Rbb8 26. Na4 Rb4 1/2-1/2

[Event "Floripa Chess Open 2024"]
[Site "Florianopolis"]
[Date "2024.01.20"]
[Round "1.190"]
[White "Nunes, Leonardo De Souza"]
[Black "Rodrigues, Julliano De Araujo"]
[Result "1/2-1/2"]
[WhiteElo "1800"]
[BlackElo "1779"]
[PlyCount "78"]
[EventDate "2024.01.20"]
[EventRounds "10"]
[EventCountry "BRA"]

1. e4 e5 2. Nf3 Nc6 3. Bc4 Bc5 4. c3 Nf6 5. d3 h6 6. O-O d6 7. h3 a6 8. d4 exd4
9. cxd4 Ba7 10. Re1 O-O 11. Nc3 b5 $146 ({RR} 11... Ne7 12. Be3 c6 13. d5 Bxe3
14. Rxe3 b5 15. Bb3 c5 16. a3 Ng6 17. e5 dxe5 18. Nxe5 Nxe5 19. Rxe5 c4 20. Bc2
Bb7 21. Be4 Qd6 22. Qd4 Rfe8 23. f4 Nd7 24. Rxe8+ Rxe8 25. Re1 Nf6 26. Kf2 {
Allen Montes,C (1440)-Rios,E (1888) Managua 2016 1/2-1/2 (53)}) ({RR} 11... Ne7
12. Be3 Ng6 13. e5 Nh5 14. Qd2 dxe5 15. dxe5 Bxe3 16. Qxe3 Nhf4 17. Qe4 Kh8 18.
Nd5 Nxd5 19. Bxd5 c6 20. Bxf7 Ne7 21. e6 Qb6 22. b3 Qc7 23. Qe5 Qb6 24. Re4
Bxe6 25. Qxe6 Nd5 26. Ne5 {Fowler,C (1153)-Pernerstorfer,M (1447) Mureck 2016
1-0}) 12. Bb3 Na5 13. Bc2 c5 14. Bf4 cxd4 15. Nxd4 Qb6 16. Be3 Nc4 17. Nf5 Nxe3
18. Nxe3 Re8 19. Qd3 Re5 20. f4 Re7 21. Kh1 Bb7 22. Ned5 Bxd5 23. Nxd5 Nxd5 24.
exd5 Rxe1+ 25. Rxe1 g6 26. f5 Qd4 27. fxg6 Qxd3 28. gxf7+ Kxf7 29. Bxd3 Rc8 30.
Re6 Rc1+ 31. Kh2 Bd4 32. Re2 Be5+ 33. g3 Rd1 34. Bc2 Rd4 35. Kg2 Kg7 36. Be4
Rc4 37. Kf3 Rc1 38. Kg2 Rc4 39. Kf3 Rc1 1/2-1/2